| 000 -LEADER |
| fixed length control field |
00580nam a22001817a 4500 |
| 003 - CONTROL NUMBER IDENTIFIER |
| control field |
OSt |
| 005 - DATE AND TIME OF LATEST TRANSACTION |
| control field |
20181001055426.0 |
| 008 - FIXED-LENGTH DATA ELEMENTS--GENERAL INFORMATION |
| fixed length control field |
180228b xxu||||| |||| 00| 0 spa d |
| 040 ## - CATALOGING SOURCE |
| Transcribing agency |
PJ |
| 100 ## - ASIENTO PRINCIPAL - NOMBRE DE PERSONA |
| Personal name |
Wade, H. W. R. |
| 9 (RLIN) |
21 |
| 245 10 - MENCIÓN DE TÍTULO |
| Título propiamente dicho |
Derecho administrativo / |
| Mención de responsabilidad, etc |
H. W. R. Wade, prólogo de Manuel Perez Olea. |
| 260 ## - PUBLICATION, DISTRIBUTION, ETC. (IMPRINT) |
| Place of publication, distribution, etc |
Madrid : |
| Name of publisher, distributor, etc |
Instituto de Estudios Políticos, |
| Date of publication, distribution, etc |
1971. |
| 300 ## - DESCRIPCION FISICA |
| Extent |
541 p. ; |
| 490 ## - MENCION DE SERIE |
| Mención de Serie |
Estudios de Administración |
| Designación numérica/secuencial del volumen |
XXXIX |
| 650 #0 - ASIENTO SECUNDARIO DE MATERIA - TERMINO TEMATICO |
| Topical term or geographic name as entry element |
DERECHO ADMINISTRATIVO |
| 9 (RLIN) |
211 |
| 700 ## - ADDED ENTRY--PERSONAL NAME |
| 9 (RLIN) |
1434 |
| Personal name |
Perez Olea, Manuel |
| Relator term |
prologuista |
| 942 ## - ADDED ENTRY ELEMENTS (KOHA) |
| Koha item type |
Libros |
| Source of classification or shelving scheme |
|
| Classification part |
342.9 |
| Item part |
WAD |